Probability and random processes
Wedi'i Gadw mewn:
| Prif Awdur: | |
|---|---|
| Fformat: | Llyfr |
| Iaith: | Undetermined |
| Pynciau: | |
| Tagiau: |
Ychwanegu Tag
Dim Tagiau, Byddwch y cyntaf i dagio'r cofnod hwn!
|
| Thư viện lưu trữ: | Trung tâm Học liệu Trường Đại học Cần Thơ |
|---|
| LEADER | 00404nam a2200145Ia 4500 | ||
|---|---|---|---|
| 001 | CTU_67140 | ||
| 008 | 210402s9999 xx 000 0 und d | ||
| 082 | |a 519.2 | ||
| 082 | |b G864 | ||
| 100 | |a G. R. Grimmett | ||
| 245 | 0 | |a Probability and random processes | |
| 245 | 0 | |c G. R. Grimmett and J. N. Miller | |
| 650 | |a probability | ||
| 904 | |i Minh | ||
| 980 | |a Trung tâm Học liệu Trường Đại học Cần Thơ | ||